Haqiqat e Islam (Record no. 325903)

000 -LEADER
fixed length control field 00241 a2200109 4500
001 - CONTROL NUMBER
control field 90830
003 - CONTROL NUMBER IDENTIFIER
control field NUST
082 ## - DEWEY DECIMAL CLASSIFICATION NUMBER
Classification number 297.4 ZAK
100 ## - MAIN ENTRY--PERSONAL NAME
Personal name Dr Zaakir Naik
9 (RLIN) 9627
245 ## - TITLE STATEMENT
Title Haqiqat e Islam
Statement of responsibility, etc. Dr Zaakir Naik
300 ## - PHYSICAL DESCRIPTION
Extent 159p
942 ## - ADDED ENTRY ELEMENTS (KOHA)
Institution code [OBSOLETE] CAE NUST
Koha item type Book
Call number prefix 297.4 ZAK
Source of classification or shelving scheme
Holdings
Withdrawn status Lost status Damaged status Not for loan Collection code Permanent Location Current Location Date acquired Total Checkouts Full call number Barcode Date last seen Price effective from Koha item type
          College of Aeronautical Engineering (CAE) College of Aeronautical Engineering (CAE) 04/03/2017   297.4 ZAK CAE85740 04/05/2017 04/05/2017 Book
© 2023 Central Library, National University of Sciences and Technology. All Rights Reserved.